Епически народни песни (Запис номер 421302)
[ съкратено ]
| 000 -Лидер | |
|---|---|
| Контролно поле с фиксирана дължина | 01184nam a2200325 c 4500 |
| 003 - Код на организацията, давaща контролен номер | |
| Контролно поле | BLK |
| 005 - Дата и час на последна редакция | |
| Контролно поле | 20210624085032.0 |
| 008 - Елементи от данни с фиксирана дължина | |
| fixed length control field | 200316b bul|||||r ||||||| ||bul|| |
| 040 ## - Източник на каталожния запис | |
| Идентификатор на билиотеката - собственик на записа | BLK |
| 041 ## - Код за език | |
| Код за езика на текст/звукозапис или на отделно заглавие | Български |
| Код за езика КДБФ | Български |
| 080 ## - УДК | |
| Текстов определител УДК | Българска литература |
| УДК код - определител по УДК | 821.163.2 |
| УДК - код + определител | 821.163.2-192 |
| 080 ## - УДК | |
| Текстов определител УДК | Българска литература в основното училище. Методика на обучението |
| УДК код - определител по УДК | 373.3.016:821.163.2 |
| УДК - код + определител | 373.3.016:821.163.2 |
| 139 ## - Редно поле | |
| Редна дума | Епически народни песни |
| 245 10 - Сведения за заглавието | |
| Заглавие | Епически народни песни |
| Подзаглавни данни | Помагало по бълг. ез. за IV кл. |
| Редно поле (дума) | събр. Мария Детева. |
| 257 ## - Страна на издаване | |
| Страна на създаване/издаване | България |
| 260 ## - Област на издателските данни | |
| Година на издаване | [1945] |
| Печатница | Ст. Загора : Светлина |
| Място на издаване, разпространение и проч. | Ст. Загора |
| 300 ## - Физическа характеристика | |
| Страници | 27 с. |
| Размери/Мащаб | 18 см |
| 380 ## - Жанр | |
| Жанр | Худож. лит. |
| 500 ## - Общи забележки | |
| Забележка | 350 тир. |
| 700 ## - Други автори (авторска отговорност) | |
| Лично име | Детева, Мария |
| Автороска отговорност (Описва отношението между автора и произведението) | събр. |
| 9 (RLIN) | 1447 |
| 852 ## - Местоположение | |
| Форматна сигнатура | Цб 8.170.17627 |
| 856 4# - Електронен адрес и достъп | |
| Електронен формат | pdf - файл |
| Път до файла /url/ | |
| 856 4# - Електронен адрес и достъп | |
| Електронен формат | pdf - файл |
| Път до файла /url/ | |
| 999 ## - СИСТЕМНИ КОНТРОЛНИ НОМЕРА | |
| Koha biblionumber | 421302 |
| Koha biblioitemnumber | 421302 |
| 942 ## - АРТИКУЛИ | |
| Вид на библиотечния материал | Книги |
| Скрит в OPAC | Не |
| Периодичен библиозапис | Да |
| 944 ## - СЪЗДАВАНЕ И РЕДАКЦИЯ на ЗАПИСА | |
| Създаване/Редакция | Създаване |
| Служител, извършил регистрацията/редакцията | НР |
| Код за отписване | Код за изгубен артикул | Източник на класификационната схема | Код за повреда | Коз за рестрикции | Код за отдаване | Артикулен № | Име на библиотеката - собственик | Име на библиотеката, в която се намира в момента | Статус (Текущо местоположение) | Дата на вписване в системата | Местоположение - отдел | Цена в лева | Инвентарен номер | Систематично азбучна сигнатура | Баркод | Цена в евро | Служебен тип на артикула |
|---|---|---|---|---|---|---|---|---|---|---|---|---|---|---|---|---|---|
| Не е изгубен | Universal Decimal Classification | Не е повреден | само за читалня | ползва се в читалня | 839191 | Регионална библиотека "Любен Каравелов" Русе | Регионална библиотека "Любен Каравелов" Русе | Хранилище | 2021-06-28 | Основен фонд - ползва се само за читалня | 0.05 | 17627 | Цб 8.170.17627 | 900000067027 | 0.03 | Книги |